00422 2200169 4500001002100000005001500021008004100036020002200077035001900099082001000118090001600128100001900144245003100163250001000194260002800204300002000232INLIS00000000002503720241224131838241224||||||||| | ||| |||| ||  a978-602-257-105-6 0010-12240250370 a741.5 a741.5 NEL h0 aNelfi Syafrina00aTeka Teki Ceria Islam Haji aCet.1 aSolobTiga Anandac2015 a16 hlm: 26.5 cm